000 00769nam a2200265Ia 4500
003 OSt
005 20220928120811.0
006 a|||||r|||| 00| 0
007 ta
008 220927b |||||||| |||| 00| 0 eng d
020 _a9781138490543
_cUKP 48.99
024 _a146379
037 _b34, 21/12/2021, Shivam Book Service
_cTextual
040 _aSDCL
_cSDCL
_beng
041 _2eng
_aeng
082 _aL70bS:4, R0
100 _aWard Jamie
_9417860
245 0 _aStudent's guide to cognitive neuroscience
250 _a4th
260 _aNew York
_b Routledge
_c2020
300 _axii,525p.
_ccm.
650 _aPsychology
942 _hL70bS:4, R0
_cTEXL
_2CC
999 _c765301
_d765301